[Event "Maria Teresa Mora Memorial IM2"]
[Site "Havana"]
[Date "2010.03.10"]
[Round "6"]
[White "Martin Rosabal, Niuris"]
[Black "Leon Valdes, Jony Wilson"]
[Result "1-0"]
[WhiteElo "2010"]
[BlackElo "2143"]
[PlyCount "47"]
[EventDate "2010.03.05"]
[EventType "tourn"]
[EventRounds "13"]
[EventCountry "CUB"]
[SourceTitle "EXT 2019"]
[Source "ChessBase"]
[SourceDate "2018.10.10"]
[SourceVersion "1"]
[SourceVersionDate "2018.10.10"]
[SourceQuality "1"]

1. e4 e6 2. d4 d5 3. exd5 exd5 4. Bd3 c5 5. Nf3 c4 6. Be2 Bd6 7. 0-0 Nf6 8. Ne5 Nc6 9. f4 Qb6 10. Nf3 Bg4 11. c3 Bxf3 12. Bxf3 0-0 13. g3 Rac8 14. Qc2 Ne4 15. f5 Ne5 16. Bxe4 dxe4 17. Qxe4 Nd3 18. Qg2 f6 19. Nd2 Nxc1 20. Raxc1 Qb5 21. Ne4 Qc6 22. Rce1 Be7 23. Re2 h6 24. Rfe1 1-0

[Event "Central America Carribean-ch U20 Girls"]
[Site "Medellin"]
[Date "2009.08.03"]
[Round "8"]
[White "Martin Rosabal, Niuris"]
[Black "Esquivel de Leon, Aurora"]
[Result "1-0"]
[WhiteElo "1986"]
[BlackElo "2008"]
[PlyCount "64"]
[EventDate "2009.07.30"]
[EventType "swiss"]
[EventRounds "9"]
[EventCountry "COL"]
[SourceTitle "CBM 131 Extra"]
[Source "ChessBase"]
[SourceDate "2009.09.03"]
[SourceVersion "2"]
[SourceVersionDate "2009.09.16"]
[SourceQuality "1"]

1. e4 c5 2. Nf3 e6 3. d4 cxd4 4. Nxd4 Nc6 5. Nxc6 bxc6 6. Bd3 Nf6 7. 0-0 d5 8. e5 Nd7 9. Re1 Be7 10. Qh5 c5 11. c4 d4 12. Nd2 Qc7 13. f4 Bb7 14. Ne4 h6 15. Bd2 a5 16. Re2 g6 17. Qg4 0-0-0 18. Nd6+ Bxd6 19. exd6 Qxd6 20. Bxa5 Rhg8 21. Be1 Nf6 22. Qh3 Nh5 23. Bg3 Nxf4 24. Bxf4 Qxf4 25. Rf1 Qc7 26. Be4 Bxe4 27. Rxe4 Rde8 28. Qa3 Re7 29. Rf3 Ree8 30. Qd3 e5 31. Rf6 Re6 32. Rf1 Rb6 1-0

[Event "Central America Carribean-ch U20 Girls"]
[Site "Medellin"]
[Date "2009.08.01"]
[Round "4"]
[White "Romero, Daniela"]
[Black "Martin Rosabal, Niuris"]
[Result "0-1"]
[WhiteElo "2080"]
[BlackElo "1986"]
[PlyCount "36"]
[EventDate "2009.07.30"]
[EventType "swiss"]
[EventRounds "9"]
[EventCountry "COL"]
[SourceTitle "CBM 131 Extra"]
[Source "ChessBase"]
[SourceDate "2009.09.03"]
[SourceVersion "2"]
[SourceVersionDate "2009.09.16"]
[SourceQuality "1"]

1. e4 e5 2. Nf3 Nc6 3. Bb5 a6 4. Ba4 Nf6 5. 0-0 Be7 6. Re1 b5 7. Bb3 d6 8. c3 0-0 9. h3 Bb7 10. d4 Re8 11. Nbd2 Bf8 12. d5 Nb8 13. Nf1 Nbd7 14. Ng3 Nc5 15. Bc2 c6 16. b4 Ncd7 17. dxc6 Bxc6 18. Bb3 Nb6 0-1

[Event "Capablanca Memorial op 44th"]
[Site "Havana"]
[Date "2009.06.17"]
[Round "9"]
[White "Linares Napoles, Oleiny"]
[Black "Martin Rosabal, Niuris"]
[Result "1-0"]
[WhiteElo "2295"]
[BlackElo "1982"]
[PlyCount "95"]
[EventDate "2009.06.08"]
[EventType "swiss"]
[EventRounds "10"]
[EventCountry "CUB"]
[SourceTitle "CBM 130 Extra"]
[Source "ChessBase"]
[SourceDate "2009.07.02"]
[SourceVersion "2"]
[SourceVersionDate "2009.07.15"]
[SourceQuality "1"]

1. e4 e5 2. Nf3 Nc6 3. Bb5 a6 4. Ba4 Nf6 5. 0-0 Be7 6. Re1 b5 7. Bb3 d6 8. c3 0-0 9. h3 Bb7 10. d4 Re8 11. Nbd2 Bf8 12. Bc2 g6 13. d5 Nb8 14. b3 Nbd7 15. Nf1 c6 16. c4 bxc4 17. bxc4 Qc7 18. Bd2 Rec8 19. Rc1 Rab8 20. Ng3 c5 21. Nh2 Bg7 22. Bg5 Ba8 23. Bb3 h6 24. Bd2 Kh7 25. Rc3 Re8 26. Rf3 Bb7 27. Qc1 Re7 28. Ng4 Ng8 29. Ne3 f6 30. h4 h5 31. Ngf1 Nh6 32. Nh2 Rf8 33. Bc2 Bc8 34. g4 hxg4 35. Nhxg4 Nb8 36. Nxh6 Bxh6 37. h5 gxh5 38. Nf5 Bxd2 39. Qxd2 Bxf5 40. Rxf5 Rg7+ 41. Kf1 Kg6 42. Ke2 Rh8 43. Qc3 Kf7 44. Qf3 Rh6 45. Rxh5 Rhg6 46. Qf5 Qe7 47. Rb1 Qe8 48. Qe6+ 1-0

[Event "Capablanca Memorial op 44th"]
[Site "Havana"]
[Date "2009.06.12"]
[Round "5"]
[White "Mencos, Claudia"]
[Black "Martin Rosabal, Niuris"]
[Result "1/2-1/2"]
[WhiteElo "1899"]
[BlackElo "1982"]
[PlyCount "90"]
[EventDate "2009.06.08"]
[EventType "swiss"]
[EventRounds "10"]
[EventCountry "CUB"]
[SourceTitle "CBM 130 Extra"]
[Source "ChessBase"]
[SourceDate "2009.07.02"]
[SourceVersion "2"]
[SourceVersionDate "2009.07.15"]
[SourceQuality "1"]

1. e4 c5 2. Nf3 Nc6 3. d4 cxd4 4. Nxd4 g6 5. Be2 Bg7 6. Nb3 Nf6 7. Nc3 d6 8. 0-0 0-0 9. Bg5 a6 10. Re1 Be6 11. Bf1 h6 12. Bh4 Rc8 13. Nd5 Bxd5 14. exd5 Ne5 15. c3 Nc4 16. Nd2 Nxd2 17. Qxd2 g5 18. Bg3 Nh5 19. Qe3 Nxg3 20. hxg3 Re8 21. Bd3 Rc5 22. Qe4 Kf8 23. Qf3 Kg8 24. Re2 b5 25. Rae1 Qd7 26. Bf5 Qb7 27. Qh5 Rc7 28. Qf3 b4 29. cxb4 Qxb4 30. Bg4 Qb7 31. Bh5 Rf8 32. Kh2 Bf6 33. Qf5 Rc5 34. Bf3 Kg7 35. Be4 Rh8 36. b3 a5 37. Rc2 Rxc2 38. Bxc2 Qc7 39. Bd3 Qc3 40. Re2 Qd4 41. Bc4 h5 42. Qd3 h4 43. Qxd4 hxg3+ 44. Kxg3 Bxd4 45. Rxe7 Rh1 1/2-1/2

[Event "Camaguey Juegos del Alba (W) 3rd final"]
[Site "Camaguey"]
[Date "2009.04.20"]
[Round "1"]
[White "Gutierrez Salazar, Leonela"]
[Black "Martin Rosabal, Niuris"]
[Result "1/2-1/2"]
[WhiteElo "1899"]
[BlackElo "1982"]
[PlyCount "82"]
[EventDate "2009.04.20"]
[EventType "team-k.o."]
[EventRounds "2"]
[EventCountry "CUB"]
[SourceTitle "EXT 2019"]
[Source "ChessBase"]
[SourceDate "2018.10.10"]
[SourceVersion "1"]
[SourceVersionDate "2018.10.10"]
[SourceQuality "1"]
[WhiteTeam "Venezuela (W)"]
[BlackTeam "Cuba Juvenil (W)"]
[WhiteTeamCountry "VEN"]
[BlackTeamCountry "CUB"]

1. e4 c5 2. Nf3 Nc6 3. d4 cxd4 4. Nxd4 g6 5. Nc3 Bg7 6. Be3 Nf6 7. Bc4 0-0 8. 0-0 Nxe4 9. Bxf7+ Rxf7 10. Nxe4 Nxd4 11. Bxd4 e5 12. Bc5 d5 13. Nd6 Be6 14. Nxf7 Bxf7 15. f4 Rc8 16. Bf2 exf4 17. Bd4 Bh6 18. Qe2 Qg5 19. Rae1 Qf5 20. c3 Re8 21. Qf2 Re4 22. Bxa7 Be8 23. Rd1 Bb5 24. Rfe1 Qe6 25. Bd4 Be2 26. Ra1 f3 27. gxf3 Bxf3 28. Rxe4 dxe4 29. Qg3 Qf5 30. Qb8+ Bf8 31. Be3 Qh3 32. Qg3 Qe6 33. Qb8 Qh3 34. Qg3 Qe6 35. a4 Bd6 36. Qh4 Be7 37. Qg3 Bd6 38. Qh4 Be7 39. Qf2 Bd6 40. Qh4 Be7 41. Qf2 Bd6 1/2-1/2